000 00591nam a2200217Ia 4500
005 20250508163705.0
008 008 250505s9999 xx 000 0 eng d
020 _a0415-01761-0
037 _aReference
040 _aFEDL
_beng
_cFEDL
041 _aeng
_2eng
084 _a305.8, ATK
_qFEDL
100 _aAtkinson Paul
245 0 _aEthnographic imagination: Textual constructions of reality
260 _aLondon, UK
_bRoutledge
_c1990
300 _avii,195
365 _aGBP
_b13.99
650 _aMigration
942 _cREF
_h305.8, ATK
999 _c1384720
_d1384720